Benchmark: new orders - May 2005 (Record no. 75590)

MARC details
000 -LEADER
fixed length control field 00729cab a2200169 4500
001 - CONTROL NUMBER
control field L130388
008 - FIXED-LENGTH DATA ELEMENTS--GENERAL INFORMATION
fixed length control field 050722n2005 000 0 eng u
035 ## - SYSTEM CONTROL NUMBER
System control number (Sirsi) u130388
041 ## - LANGUAGE CODE
Language code of text/sound track or separate title eng
245 ## - TITLE STATEMENT
Title Benchmark: new orders - May 2005
260 ## - PUBLICATION, DISTRIBUTION, ETC.
Date of publication, distribution, etc. 2005
490 ## - SERIES STATEMENT
Series statement Contract Journal
Volume/sequential designation 429(6533) 13 July 2005, 11(1)
520 ## - SUMMARY, ETC.
Summary, etc. DTI figures show that new construction orders increased 15% from March to May 2005, rising from £9.9bn for the same period in 2004 to £11.4bn. However this hides a decline in other public orders of 20%. Infrastructure and private industrial orders showed rises of 66% and 118% respectively. Tables.
590 ## - LOCAL NOTE (RLIN)
Local note IKA020805
690 ## - LOCAL SUBJECT ADDED ENTRY--TOPICAL TERM (OCLC, RLIN)
Topical term or geographic name as entry element BUILT ENVIRONMENT-CONSTRUCTION MARKET
942 ## - ADDED ENTRY ELEMENTS (KOHA)
Suppress in OPAC 0
Holdings
Withdrawn status Lost status Source of classification or shelving scheme Damaged status Not for loan Home library Current library Shelving location Date acquired Total Checkouts Full call number Barcode Date last seen Copy number Price effective from Koha item type
    Dewey Decimal Classification     London London Journal article 22/07/2005   L130388 130388-1001 06/08/2019 1 06/08/2019 Journal article